Top 20 joueurs de tennis - ATP - 25/08/2016 - Statistiques

Statistiques générales
  • Ce quiz a été pris 235 fois
  • Le résultat moyen est 12 sur 20
Statistiques - réponses
Classement du joueur Réponse % Correct
Numéro 5 Rafael Nadal
99%
Numéro 4 Roger Federer
99%
Numéro 1 Novak Djokovic
98%
Numéro 2 Andy Murray
93%
Numéro 3 Stan Wawrinka
87%
Numéro 12 Gael Monfils
86%
Numéro 11 Jo-Wilfried Tsonga
85%
Numéro 15 Richard Gasquet
76%
Numéro 7 Kei Nishikori
69%
Numéro 9 Marin Cilic
66%
Numéro 13 David Ferrer
62%
Numéro 10 Dominic Thiem
59%
Numéro 6 Milos Raonic
57%
Numéro 8 Tomas Berdych
49%
Numéro 14 David Goffin
45%
Numéro 16 Nick Kyrgios
37%
Numéro 17 Roberto Bautista Agut
30%
Numéro 18 Feliciano Lopez
14%
Numéro 19 Bernard Tomic
13%
Numéro 20 Pablo Cuevas
4%
Aucun quiz correspondant
Distribution des résultats
% des personnes avec chaque résultat
Percentile par nombre de réponses
Votre historique - résultats
Vous n’avez pas pris ce quiz